000
00278nam a2200109Ia 4500
008
200302s9999 xx 000 0 und d
100
_a
Council of Architecture
245
_a
Handbook of Professional Documents
260
_b
Council of Architecture
260
_c
2013
300
_a
282
999
_c
3415
_d
3415